000 00354nam a2200121 i 4500
001 bg
245 0 _aMateriały z międzynarodowej konferencji naukowej pt.Konserwacja zabytków i rewaloryzacja miast po II wojnie światowej.
260 _aSzczecin,
_c1987.
040 _cBPK
041 _apol
942 _cKS
008 s pl f |000 0 pol
999 _c28505
_d28505
856 _uhttp://koha.tu.koszalin.pl/cgi-bin/koha/opac-detail.pl?biblionumber=28505
_yKatalog online BPK